Österreich Medaillengewinner bei Olympia 2022 - Statistiken

Allgemein
  • Dieses Quiz wurde 28 mal gespielt
  • Das Durchschnittsergebnis liegt bei 18 aus 30
Antwortstatistiken
Medaille Bewerb Antwort % Korrekt
Gold Skispringen, Mannschaft Stefan Kraft
100%
Gold Skispringen, Mannschaft Jan Hörl
83%
Gold Skispringen, Mannschaft Daniel Huber
79%
Gold Ski Alpin, Mannschaft Katharina Huber
79%
Gold Skispringen, Mannschaft Manuel Fettner
79%
Silber Skispringen, Normalschanze Manuel Fettner
79%
Gold Ski Alpin, Super-G Matthias Mayer
79%
Bronze Ski Alpin, Abfahrt Matthias Mayer
79%
Gold Ski Alpin, Mannschaft Katharina Liensberger
75%
Silber Ski Slpin, Slalom Katharina Liensberger
75%
Gold Ski Alpin, Mannschaft Katharina Truppe
75%
Gold Snowboard, Big Air Anna Gasser
71%
Gold Ski Alpin, Alpine Kombination Johannes Strolz
67%
Gold Ski Alpin, Mannschaft Johannes Strolz
67%
Silber Ski Alpin, Slalom Johannes Strolz
67%
Gold Snowboard, Parallel-Riesenslalom Benjamin Karl
63%
Bronze Skilanglauf, 15km Skiathlon Teresa Stadlober
58%
Gold Snowboard, Snowboardcross Allessandro Hämmerle
50%
Silber Rennrodeln, Einsitzer Wolfgang Kindl
50%
Silber Rennrodeln, Team-Staffel Wolfgang Kindl
50%
Gold Ski Alpin, Mannschaft Stefan Brennsteiner
46%
Silber Rennrodeln, Team-Staffel Lorenz Koller
42%
Bronze Rennrodeln, Doppelsitzer Lorenz Koller
42%
Silber Rennrodeln, Team-Staffel Madleine Egle
42%
Gold Ski Alpin, Mannschaft Michael Matt
42%
Silber Ski Alpin, Super-G Mirjam Puchner
42%
Silber Rennrodeln, Team-Staffel Thomas Steu
42%
Bronze Rennrodeln, Doppelsitzer Thomas Steu
42%
Bronze Nordische Kombination, Normalschanze/10km Lukas Greiderer
29%
Silber Snowboard, Parallel-Riesenslalom Daniela Ulbing
21%
Keine übereinstimmenden Quizze gefunden
Verteilung der Resultate
Anzahl Personen mit jedem Resultat
Perzentil nach korrekt beantworteten Fragen
Ihre Resultats-Entwicklung
Sie haben dieses Quiz noch nicht gespielt